Arquitectura y salud. (Registro nro. 3118)
[ vista simple ]
| 000 -LEADER | |
|---|---|
| fixed length control field | 01208nam a2200289 a 4500 |
| 008 - CAMPO DE CONTROL (LIBRO) | |
| fixed length control field | 211221s2020 ade|fr|||| 001 0 spa d |
| 020 ## - INTERNATIONAL STANDARD BOOK NUMBER | |
| ISBN | S/D |
| 041 ## - CODIGO DE IDIOMA | |
| Código de idioma del texto/pista de sonido o título separado | spa |
| 092 ## - SIGNATURA TOPOGRAFICA DEWEY LOCAL | |
| número de clasificación | 720 |
| libristica | 6 |
| sección | BER |
| 100 1# - ENTRADA PRINCIPAL--NOMBRE PERSONAL | |
| Nombre personal | Bertoni, Mario Raul. |
| 9 (RLIN) | 4151 |
| 245 ## - TITULO PROPIAMENTE DICHO | |
| Título | Arquitectura y salud. |
| Subtítulo y Título paralelo | Fundamentos básicos para estudiantes y profesionales de ambas disciplinas / |
| Mención de responsabilidad y remanente de la transcripción de la portada | Mario Raul Bertoni |
| 250 ## - MENCION DE EDICION | |
| Mención de edición | 1a ed. |
| 260 ## - PIE DE IMPRENTA | |
| Lugar de publicación, distribución, etc | Neuquén: |
| Nombre de la editorial, distribuidor, etc | Biblos Gráfica; |
| Fecha de publicación | 2021. |
| 300 ## - DESCRIPCION FISICA | |
| Extension | 382 p. |
| Otros detalles físicos | il. |
| 500 ## - NOTA GENERAL | |
| Nota general | Bertoni, M. R. (2021). Arquitectura y salud. Fundamentos básicos para estudiantes y profesionales de ambas disciplinas. (1a ed.). Neuquén : Biblos Gráfica.<br/> |
| 590 ## - NOTAS LOCALES (RLIN) | |
| Nota local | Donación diciembre 2021. |
| 653 3# - TÉRMINO INDIZADO - PALABRAS CLAVES | |
| Palabra clave | La psícologia fundamental de las percepciones |
| 653 3# - TÉRMINO INDIZADO - PALABRAS CLAVES | |
| Palabra clave | La valoración estética de las percepciones puras |
| 653 4# - TÉRMINO INDIZADO - PALABRAS CLAVES | |
| Palabra clave | Los medios de expresión de la arquitectura |
| 653 3# - TÉRMINO INDIZADO - PALABRAS CLAVES | |
| Palabra clave | La expresión arquitectónica |
| 653 3# - TÉRMINO INDIZADO - PALABRAS CLAVES | |
| Palabra clave | La estética de la textura |
| 653 3# - TÉRMINO INDIZADO - PALABRAS CLAVES | |
| Palabra clave | La expresión visual y su función de la construcción |
| 653 3# - TÉRMINO INDIZADO - PALABRAS CLAVES | |
| Palabra clave | La expresión visual del material |
| 653 ## - TÉRMINO INDIZADO - PALABRAS CLAVES | |
| Palabra clave | Percepción, expresión y emoción |
| 653 3# - TÉRMINO INDIZADO - PALABRAS CLAVES | |
| Palabra clave | La experiencia arquitectónica del recinto |
| 942 ## - ADDED ENTRY ELEMENTS (KOHA) | |
| Source of classification or shelving scheme | Dewey Decimal Classification |
| Item type | Libros |
| Estado de retiro | Existencia | Fuente de clasificación | Estado general | No para prestamo | Colección | Ubicación permanente | ubicación actual | Sala de ubicación | Fecha de adquisición | Fuente de adquisición | Total Checkouts | Número de clasificación | Código de barras | Date last seen | Número de ejemplar | Price effective from | Koha tipo de elemento (item) | Public note | Coded location qualifier |
|---|---|---|---|---|---|---|---|---|---|---|---|---|---|---|---|---|---|---|---|
| Dewey Decimal Classification | Non-fiction | Biblioteca Medicina | Biblioteca Medicina | Circulación | 20/12/2021 | Donación diciembre 2021 | 720 6 BER | 4689 | 21/12/2021 | Ej. 1 | 21/12/2021 | Libros | Donación diciembre 2021 |